000 00517nam a2200181Ia 4500
001 58607
008 150522n ii |||gr||||Z||||||asm
245 0 _aAsamiya Sanskriti
_cEdited by Hariprasad Neog & Lila Gogoi
_hTextual Documents
250 _a5th edn.
260 _aAssam
_bAssam Sahitya Sabha
300 _a293pg:
_c23cm.
653 _aAssamese
653 _aDEptt-Assamese
653 _aAssamese Literature
653 _aMS-Assamese
700 _aEdited by Neog, Hariprasad & Gogoi. Lila.
942 _2ddc
_cBK
999 _c58498
_d58498